00789nam a2200229 i 450000100060000000300090000600500170001500800410003204000360007304100080010904600090011708000140012624500720014026000210021249000570023365000140029065000280030465800280033270000460036083000550040685600980046119577KOSZ 00520211105100523.0961010s1980 pl f |000 0 pol d cKOSZ 005aKOSZ 005dKOSZ 005/HR apol k1980 a629.33.0700aBadania eksploatacyjne samochodów /cred. nauk. Janusz Mysłwski. aSzczecin,c1980.1 aPrace Naukowe Politechniki Szczecińskiej ;vnr 149 4aSamochody 4aObsługa i eksploatacja aInżynieria i technika1 aMysłowski, Januszd(1938-2020)eRedakcja 0aPrace Naukowe Politechniki Szczecińskiejvnr 149 uhttp://koha.tu.koszalin.pl/cgi-bin/koha/opac-detail.pl?biblionumber=19577yKatalog online BPK